Butlletí de l'Associació Protectora de l'Ensenyança Catalana
Descripción Física:
23 cm
MARC
| LEADER | 00000nam a2200000Ia 4500 | ||
|---|---|---|---|
| 008 | 160829s1917 - xx 000 0 cat d | ||
| 610 | 2 | 0 | |a Associació Protectora de l'Ensenyança Catalana |v Revistes |9 56180 |
| 710 | 2 | |a Associació Protectora de l'Ensenyança Catalana |9 56179 | |
| 952 | |0 0 |1 0 |4 0 |6 4254_EXP_5 |7 1 |9 54477 |a Arxiu |b Arxiu |d 2016-12-01 |l 0 |o 4254, exp. 5 |r 2016-12-01 00:00:00 |w 2016-12-01 |y ARXIU | ||
| 999 | |c 58346 |d 58346 | ||
| 080 | |a 4254, exp. 5 | ||
| 245 | |a Butlletí de l'Associació Protectora de l'Ensenyança Catalana | ||
| 260 | |a Barcelona : |b l'Associació, |c 1917 - | ||
| 300 | |a 23 cm | ||
| 590 | |a Mensual. | ||
| 590 | |a Descripció basada en: any 3, núm. 9 (des. 1919) | ||
| 650 | |a Català |x Ensenyament |x Catalunya |9 48337 | ||
| 856 | |u https://arca.bnc.cat/arcabib_pro/ca/consulta/registro.do?id=2145 | ||
| 866 | |a Any 3, 1919 (9) | ||
| 901 | |a Arxiu | ||
| 942 | |n 1 |2 udc | ||